The Age of Keynes

Gespeichert in:
Bibliographische Detailangaben
1. Verfasser: Lekachman, Robert
Format: Buch
Sprache:Englisch
Veröffentlicht: London Allen Lane The Penguin Press 1967
Ausgabe:1st Edition
Schlagworte:
Tags: Tag hinzufügen
Keine Tags, Fügen Sie das erste Tag hinzu!

MARC

LEADER 00000nam a2200000 4500
001 0282988
005 20240416113606.6
041 0 |a eng 
044 |a GB 
245 1 0 |a The Age of Keynes  |c Robert Lekachman 
250 |a 1st Edition 
264 1 |a London  |b Allen Lane The Penguin Press  |c 1967 
300 |a 265 s. 
610 2 0 |a keynesizmus 
610 2 0 |a teórie ekonomické 
610 2 0 |a dejiny teórií ekonomických 
610 2 0 |a dejiny myslenia ekonomického 
610 2 0 |a inflácia 
100 1 |a Lekachman, Robert